[Event "Vienna op"]
[Site "Vienna"]
[Date "1996.??.??"]
[Round "5"]
[White "Tratar, Marko"]
[Black "Teske, Henrik"]
[Result "1/2-1/2"]
[WhiteElo "2420"]
[BlackElo "2520"]

1.Nf3 c5 2.c4 Nf6 3.Nc3 e6 4.g3 b6 5.Bg2 Bb7 6.O-O Be7 7.d4 cxd4 8.Qxd4 Nc6
9.Qf4 O-O 10.Rd1 Qb8 11.b3 Rd8 12.Be3  1/2-1/2

[Event "Vienna op"]
[Site "Vienna"]
[Date "1996.??.??"]
[Round "8"]
[White "Hertneck, Gerald"]
[Black "Ftacnik, Lubomir"]
[Result "1-0"]
[WhiteElo "2565"]
[BlackElo "2610"]

1.c4 Nf6 2.Nc3 c5 3.Nf3 e6 4.g3 b6 5.Bg2 Bb7 6.O-O Be7 7.b3 O-O 8.Bb2 d6
9.e3 Nbd7 10.Qe2 a6 11.Rfd1 Ra7 12.d4 Ne4 13.Rac1 Qa8 14.d5 Nxc3 15.Bxc3 exd5
16.cxd5 Bf6 17.Nd2 Bxc3 18.Rxc3 Bxd5 19.Bxd5 Qxd5 20.Nc4 Qa8 21.Rxd6 Nf6
22.Nxb6 Qb7 23.Rxf6 gxf6 24.Na4 Qe4 25.Nxc5 Qb1+ 26.Kg2 Rd8 27.Rc4 Rc7 28.Qf3 Qa1
29.Rg4+ Kh8 30.Rd4 Rxd4 31.Qxf6+ Kg8 32.exd4 Ra7 33.Qg5+ Kf8 34.Qe5  1-0

[Event "LTU-ch"]
[Site "Vilnius"]
[Date "1996.??.??"]
[Round "2"]
[White "Piesina, Gintautas"]
[Black "Bilinskas, Rajmundas"]
[Result "1-0"]
[WhiteElo "2400"]
[BlackElo "2260"]

1.Nf3 c5 2.c4 Nf6 3.Nc3 d5 4.cxd5 Nxd5 5.d4 Nxc3 6.bxc3 g6 7.e3 Bg7 8.Bb5+ Bd7
9.Bd3 O-O 10.O-O Bc6 11.Qe2 Nd7 12.Rd1 e5 13.Bb5 exd4 14.cxd4 Qa5 15.Rb1 a6
16.Bxc6 bxc6 17.Rb7 Rad8 18.Qc2 cxd4 19.exd4 Qd5 20.Bg5 Rb8 21.Ra7 Ra8 22.Rxa8 Rxa8
23.Bf4 Re8 24.h3 c5 25.dxc5 Qxc5 26.Qd3 Nf6 27.Qxa6 Nd5 28.Bd6  1-0

[Event "LTU-ch"]
[Site "Vilnius"]
[Date "1996.??.??"]
[Round "2"]
[White "Dambrauskas, Virginijus"]
[Black "Skrebnevskis, Romanas"]
[Result "1-0"]
[WhiteElo "2350"]
[BlackElo "2215"]

1.Nf3 Nf6 2.c4 e6 3.Nc3 c5 4.g3 Nc6 5.Bg2 Be7 6.O-O O-O 7.d4 cxd4 8.Nxd4 d5
9.cxd5 exd5 10.Be3 Re8 11.Qc2 Bb4 12.Nxc6 bxc6 13.Na4 Ba6 14.a3 Bf8 15.Bf3 Qd7
16.Bc5 Bb5 17.Bxf8 Bxa4 18.Qxa4 Rxf8 19.Rac1 Rfc8 20.Rc5 Qb7 21.b4 Nd7 22.Rc3 Nb6
23.Qc2 a5 24.Bg4 Rc7 25.b5 Nc4 26.bxc6 Qxc6 27.Bf3 Qc5 28.Qd3 Rd8 29.Rfc1 Rcd7
30.Bxd5 Rxd5 31.Qxc4 Qxc4 32.Rxc4 g6 33.Rc5 Kg7 34.Kg2 Kf6 35.e4 Rd4 36.e5+ Kf5
37.Rxa5 Re4 38.Ra7 Ke6 39.Rc6+ Kf5 40.Rf6+ Kg5  1-0

[Event "LTU-ch"]
[Site "Vilnius"]
[Date "1996.??.??"]
[Round "6"]
[White "Dambrauskas, Virginijus"]
[Black "Sakalauskas, Vaidas"]
[Result "1-0"]
[WhiteElo "2350"]
[BlackElo "2320"]

1.Nf3 Nf6 2.c4 c5 3.Nc3 d5 4.cxd5 Nxd5 5.Qb3 Nc7 6.g3 Nc6 7.Bg2 e5 8.O-O Be7
9.Ne1 Bd7 10.Nd3 f6 11.f4 exf4 12.Nxf4 Rb8 13.e3 b5 14.d4 Na5 15.Qd1 O-O
16.Ncd5 Ne6 17.Nxe7+ Qxe7 18.Nd5 Qe8 19.dxc5 Nc4 20.b4 Rd8 21.Qc2 Bc6 22.Ne7+ Qxe7
23.Bxc6 Nc7 24.Bxb5 Nxe3 25.Qb3+ Kh8 26.Qxe3 Qxe3+ 27.Bxe3 Nxb5 28.a4 Nc3
29.b5 a6 30.bxa6 Nd5 31.Bf2 Nb4 32.Rad1 Kg8 33.g4 Kf7 34.Bg3 Nc6 35.Bc7 Rc8
36.Rd7+ Kg6 37.Re1  1-0

[Event "LTU-ch"]
[Site "Vilnius"]
[Date "1996.??.??"]
[Round "7"]
[White "Slekys, Emilis"]
[Black "Bilinskas, Rajmundas"]
[Result "1-0"]
[WhiteElo "2355"]
[BlackElo "2260"]

1.Nf3 Nf6 2.c4 c5 3.Nc3 d5 4.cxd5 Nxd5 5.d4 Nxc3 6.bxc3 g6 7.e3 Bg7 8.Bb5+ Bd7
9.Bxd7+ Nxd7 10.Rb1 Qc7 11.Qb3 b6 12.O-O O-O 13.e4 cxd4 14.cxd4 Rfc8 15.Bg5 Qc2
16.Qb5 Qc6 17.Qa6 e6 18.e5 Qc4 19.Qa3 h6 20.Rfc1 Qd5 21.Be7 g5 22.h3 Nf8
23.Rxc8 Rxc8 24.Bxf8 Bxf8 25.Qxa7 b5 26.Qa6 Rc2 27.Qxb5 Qxa2 28.Rf1 Kg7 29.Qb7 Re2
30.Qd7 Qc2 31.Qd8 Qb2 32.Qa8 Rc2 33.Qe4 Re2 34.Qd3 Rc2 35.g4 Bb4 36.Kg2 Bd2
37.h4 gxh4 38.Nxh4 Bg5 39.Nf3 Re2 40.Kg3 Rc2 41.Qe4 Re2 42.Qa8 Rc2 43.Nxg5 hxg5
44.Rh1 Qc3+ 45.f3 Qc8 46.Qe4 Rc4 47.Qh7+ Kf8 48.Qh8+ Ke7 49.Qf6+ Kd7 50.Rh8 Qc7
51.Qxf7+ Kc6 52.Qxe6+ Kb5 53.Qd5+ Kb4 54.Rh1 Ka3 55.Rb1 Ka2 56.Rb4 Ka1 57.Qa8+  1-0

[Event "JUG-chT"]
[Site "Vrnjacka Banja"]
[Date "1996.??.??"]
[Round "?"]
[White "Tosic, Miroslav"]
[Black "Grujic, Lazar"]
[Result "1-0"]
[WhiteElo "2415"]
[BlackElo "2340"]

1.Nf3 Nf6 2.c4 g6 3.Nc3 c5 4.e4 d6 5.d4 cxd4 6.Nxd4 Bg7 7.Be2 O-O 8.Be3 Nc6
9.Qd2 Ng4 10.Bxg4 Bxg4 11.O-O Re8 12.Rac1 Qa5 13.f3 Nxd4 14.Bxd4 Bxd4+ 15.Qxd4 Be6
16.b3 Qc5 17.Qxc5 dxc5 18.Rfd1 Red8 19.Kf2 Rxd1 20.Rxd1 Kf8 21.Ke3 Rc8 22.h4 Ke8
23.g4 Rd8 24.Rg1 Bd7 25.g5 Bc6 26.Rc1 Kd7 27.Ne2 a6 28.Nf4 b6 29.Rh1 Rf8
30.h5 Kd6 31.hxg6 hxg6 32.Rh7 Bb7 33.Nd3 Bc8 34.f4 Ke6 35.Ne5 Bb7 36.Nd3 Ba8
37.Rh6 Kd7 38.Ne5+ Ke6 39.Ng4 Kd7 40.f5 gxf5 41.exf5 Kc7 42.Rh7 Bc6 43.Kf4 Kd6
44.Ne5 Be8 45.Ng4 Rg8 46.Rh6+ Kc7 47.f6 e6 48.Ne5 Rf8 49.Rh2 b5 50.Rh3 Kb6
51.Rh7 Ka5 52.a3 Kb6 53.Rh2 Kc7 54.b4 cxb4 55.axb4 bxc4 56.Nxc4 Kc6 57.Ne5+ Kb6
58.Rd2 Kc7 59.Rc2+ Kb6 60.Nc4+ Kc7 61.Ke5 Rg8 62.Nd6+ Kd7 63.Ne4 Kd8 64.Kd6 Bd7
65.Rc7  1-0

[Event "Wattens op"]
[Site "Wattens"]
[Date "1996.??.??"]
[Round "2"]
[White "Leeb, Rainer"]
[Black "Ritz, Thomas"]
[Result "0-1"]
[WhiteElo "1865"]
[BlackElo "2175"]

1.c4 Nf6 2.Nc3 e6 3.Nf3 c5 4.g3 b6 5.Bg2 Bb7 6.d3 Be7 7.O-O O-O 8.b3 d6 9.Bb2 a6
10.Qc2 Qc7 11.Rad1 Nbd7 12.Nb1 Rac8 13.Nbd2 Rfd8 14.Rfe1 Qb8 15.Nf1 Qa8 16.e4 b5
17.Ne3 Bf8 18.a3 Bc6 19.Bc3 Qb7 20.Bh3 Nxe4 21.Ba5 Re8 22.dxe4 Bxe4 23.Qc1 Bxf3
24.Rd2 Nf6 25.Bc3 Ne4 26.Rb2 Ng5 27.Bf1 Bc6 28.Be2 Nf3+ 29.Bxf3 Bxf3 30.Rd2 d5
31.cxd5 exd5 32.Nf5 d4 33.Bb2 Rxe1+ 34.Qxe1 Qe4 35.Qxe4 Bxe4 36.Nh4 Re8 37.f4 Bc6
38.Kf1 Re3 39.b4 cxb4 40.axb4 Bxb4 41.Rxd4 Re4 42.Rd8+ Re8 43.Rd1 f6 44.Rc1 Bd5
45.Bd4 Bc4+ 46.Kg2 Re2+ 47.Kh3 a5 48.g4 Bd2 49.Ra1 Bxf4 50.Nf3 a4 51.Bg1 g5
52.Rd1 a3 53.Bc5 a2 54.Rd8+ Kg7 55.Rd1 Kg6 56.Bg1 h5 57.Nd4 Rb2 58.Ra1 Rb1
59.Nc2 Bf1+  0-1

[Event "Werfen op-A"]
[Site "Werfen"]
[Date "1996.??.??"]
[Round "2"]
[White "Lada, Ireneusz"]
[Black "Hresc, Vladimir"]
[Result "0-1"]
[WhiteElo "2145"]
[BlackElo "2435"]

1.c4 Nf6 2.Nc3 c5 3.Nf3 g6 4.g3 Bg7 5.Bg2 O-O 6.d4 cxd4 7.Nxd4 Nc6 8.Nc2 d6
9.O-O Bd7 10.b3 a6 11.Bb2 Rb8 12.Nd5 Nxd5 13.Bxg7 Kxg7 14.cxd5 Ne5 15.h3 Be8
16.Qd4 Kg8 17.f4 Nd7 18.e4 Rc8 19.Rac1 Qa5 20.Rfd1 f6 21.h4 Bf7 22.Bh3 Rc7
23.Bxd7 Rxd7 24.Nb4 Rc7 25.Rc4 Rfc8 26.Rdc1 Rc5 27.a4 Be8 28.Rxc5 Rxc5 29.Rc4 Qc7
30.Rxc5 dxc5 31.Qc4 b5 32.d6+ bxc4 33.dxc7 Bd7 34.Nd5 cxb3 35.Kf2 b2 36.Nc3 Kf7
37.Ke2 Ke6 38.Kd2 Kd6 39.c8=Q Bxc8 40.Kc2 Bb7 41.Kxb2 c4 42.Ka3 Kc5 43.a5 Bc6
44.e5 fxe5 45.fxe5 e6 46.Ne2 Kd5 47.Kb4 Kxe5 48.Kc5 Bg2 49.Nc3 Bf1 50.Na4 Ke4
51.Kb4 Kf3 52.Nc5 Kxg3 53.Nxa6 c3 54.Nc5 c2 55.Nb3 Kxh4 56.Kc3 g5 57.Kb2 g4
58.Nd2 Be2  0-1

[Event "Sonnevanck"]
[Site "Wijk aan Zee"]
[Date "1996.??.??"]
[Round "9"]
[White "Loeffler, Stefan"]
[Black "Reinderman, Dimitri"]
[Result "1-0"]
[WhiteElo "2410"]
[BlackElo "2500"]

1.Nf3 Nf6 2.c4 c5 3.Nc3 g6 4.d4 Bg7 5.d5 d6 6.e4 O-O 7.h3 e6 8.Bd3 Na6 9.Bg5 h6
10.Be3 Kh7 11.a3 exd5 12.cxd5 Re8 13.Rc1 c4 14.Bxc4 Nxe4 15.Nxe4 Rxe4 16.Bd3 Rxe3+
17.fxe3 Bxb2 18.Rc4 Nc5 19.O-O Qe7 20.Kh1 Bd7 21.Rf4 f5 22.e4 Kg7 23.exf5 Qe3
24.f6+ Bxf6 25.Rxf6 Qxd3 26.Rf7+  1-0

[Event "Winterthur-B"]
[Site "Winterthur"]
[Date "1996.??.??"]
[Round "11"]
[White "Maric, Alisa"]
[Black "Atlas, Valeri"]
[Result "1-0"]
[WhiteElo "2460"]
[BlackElo "2470"]

1.Nf3 c5 2.c4 Nf6 3.Nc3 b6 4.e4 d6 5.d4 cxd4 6.Nxd4 Bb7 7.Qe2 e6 8.g3 a6
9.Bg2 Be7 10.O-O Qc7 11.f4 O-O 12.Be3 Nc6 13.Nb3 Rac8 14.Rac1 Na5 15.Nxa5 bxa5
16.Rfe1 Nd7 17.b3 Rfe8 18.h3 Qb8 19.Bd4 Bc6 20.Red1 Bd8 21.Kh2 Bb6 22.Bxb6 Nxb6
23.c5 dxc5 24.Qxa6 h5 25.Qxa5 Nd7 26.Na4 h4 27.Nxc5 hxg3+ 28.Kxg3 g5 29.Nd3 Bb5
30.Rxc8 Rxc8 31.a4 gxf4+ 32.Kh4 Rc2 33.Qxb5 Qd8+ 34.Qg5+ Qxg5+ 35.Kxg5 Rxg2+
36.Kxf4 Nf8 37.a5 Ng6+ 38.Ke3 f5 39.exf5 exf5 40.Nf4 Nxf4 41.Kxf4 Rf2+ 42.Kg3 Rb2
43.Ra1 Rxb3+ 44.Kf4 Kf7 45.a6  1-0

[Event "Oberliga Wuert9596"]
[Site "Wuerttemberg"]
[Date "1996.??.??"]
[Round "?"]
[White "Banaszek, Marcin"]
[Black "Jurek, Josef"]
[Result "1/2-1/2"]
[WhiteElo "2295"]
[BlackElo "2370"]

1.c4 Nf6 2.Nc3 c5 3.Nf3 e6 4.g3 b6 5.Bg2 Bb7 6.O-O Be7 7.Re1 d5 8.cxd5 exd5
9.d4 O-O 10.Bf4 Na6 11.Rc1 Qd7 12.Qa4 Qxa4 13.Nxa4 Ne4 14.Red1 Rfd8 15.Be3 Rac8
16.Bh3 Rc7 17.Bf4 Bd6 18.Bxd6 Rxd6 19.dxc5 bxc5 20.Nc3 Nxc3 21.bxc3 Re7  1/2-1/2

[Event "Wuerzburg op"]
[Site "Wuerzburg"]
[Date "1996.??.??"]
[Round "3.10"]
[White "Schmidt, Jan Peter"]
[Black "Arbakov, Valentin"]
[Result "0-1"]
[WhiteElo "2220"]
[BlackElo "2455"]

1.Nf3 Nf6 2.c4 c5 3.Nc3 d5 4.cxd5 Nxd5 5.e3 Nxc3 6.bxc3 g6 7.Bc4 Bg7 8.Ba3 Qc7
9.h4 h6 10.h5 g5 11.Qc2 e6 12.O-O O-O 13.d4 Nd7 14.Qe2 b6 15.Rac1 Bb7 16.e4 Nf6
17.Nd2 Rfd8 18.Bd3 e5 19.Nc4 exd4 20.e5 Qc6 21.f3 Nxh5 22.Be4 Ng3 23.Qf2 Nxe4
24.fxe4 Qxe4 25.Rce1 Qd5 26.Nd6 Rxd6 27.exd6 dxc3 28.Bc1 Bd4 29.Be3 Rf8 30.Bxd4 cxd4
31.Re7 Bc6 32.Qg3 d3 33.Re5 Qd4+ 34.Kh2 c2  0-1

[Event "Yalta op"]
[Site "Yalta"]
[Date "1996.??.??"]
[Round "3"]
[White "Bezman, Vadim"]
[Black "Sokalsky, Alexander"]
[Result "1-0"]
[WhiteElo "2365"]
[BlackElo "2230"]

1.c4 Nf6 2.Nc3 c5 3.Nf3 g6 4.e4 d6 5.d4 cxd4 6.Nxd4 Bg7 7.Be2 O-O 8.O-O Nc6
9.Be3 Bd7 10.Qd2 Rc8 11.f3 Ne5 12.b3 a6 13.Rac1 Nc6 14.Nc2 Be6 15.Nd5 Nb8
16.Nd4 Bxd5 17.exd5 Nbd7 18.Rfe1 Ne5 19.Bf1 Ne8 20.h3 Nd7 21.b4 Nef6 22.Nb3 Nb6
23.Na5 Rb8 24.Bd4 Re8 25.f4 Na4 26.Re3 Qd7 27.Bd3 Nxd5 28.Re4 Nf6 29.Re2 Rbc8
30.Bc2 Nh5 31.Bxg7 Nxg7 32.Be4 Rb8 33.c5 Qc7 34.cxd6 Qxd6 35.Qxd6 exd6 36.Kf2 Re7
37.Bxb7 Rxe2+ 38.Kxe2 Ne6 39.Ke3 d5 40.g3 d4+ 41.Kd3 Nb2+ 42.Kd2 Kg7 43.Rc8 Rxc8
44.Bxc8 Nc7 45.Bd7 Nb5 46.Bxb5 axb5 47.Nc6 f5 48.Na7 Nc4+ 49.Kd3 Nd6 50.Kxd4 Kf6
51.Kd5 Ne4 52.Nxb5 Nxg3 53.Nd4 Nh5 54.b5 Nxf4+ 55.Kd6 Nd3 56.a4 Nb2 57.b6 Nc4+
58.Kc7  1-0

[Event "Yalta op"]
[Site "Yalta"]
[Date "1996.??.??"]
[Round "6"]
[White "Krivoshey, Sergei"]
[Black "Shipov, Sergei"]
[Result "0-1"]
[WhiteElo "2430"]
[BlackElo "2540"]

1.Nf3 Nf6 2.c4 c5 3.Nc3 e6 4.g3 b6 5.Bg2 Bb7 6.O-O Be7 7.Re1 d6 8.e4 a6 9.d4 cxd4
10.Nxd4 Qc7 11.Be3 O-O 12.Rc1 Nbd7 13.f4 Rfe8 14.g4 Nc5 15.Bf2 g6 16.b4 Rad8
17.Qf3 Ncxe4 18.Nxe4 Nxe4 19.Rxe4 Bxe4 20.Qxe4 d5 21.Nxe6 Qc8 22.Qe1 Qxe6
23.Qxe6 fxe6 24.Bxb6 Rb8 25.c5 Bd8 26.Bxd8 Rexd8 27.a3 a5 28.c6 Rdc8 29.bxa5 Rb5
30.a6 Ra5 31.Bf1 Kf7 32.Rb1 Rxc6 33.Rb7+ Kf6 34.Rxh7 Rxa3 35.a7 Rc1 36.Kf2 Rc2+
37.Kg1 Rca2 38.Bh3 g5 39.Rh6+ Ke7 40.fxg5 Rxa7 41.Rh7+ Kf8 42.g6 Rxh7 43.gxh7 Kg7
44.g5 Ra6 45.Bf1 Ra4 46.Bh3 e5 47.Be6 Kxh7 48.Bxd5 Kg6 49.Kf2 Kxg5 50.Ke3 Rh4
51.Bc6 Rxh2 52.Bb7 Kf6 53.Bc6 Rh3+ 54.Ke4 Rb3 55.Bd7 Ke7 56.Bf5 Kd6 57.Bg6 Rg3
58.Bf7 Rg7 59.Bh5 Rg1 60.Bf7 Re1+ 61.Kd3 Ke7 62.Kd2 Rh1 63.Bd5 Rh3  0-1

[Event "Yerevan ol (Women)"]
[Site "Yerevan"]
[Date "1996.??.??"]
[Round "8"]
[White "Maric, Alisa"]
[Black "Lalic, Susan"]
[Result "1/2-1/2"]
[WhiteElo "2460"]
[BlackElo "2365"]

1.Nf3 e6 2.c4 Nf6 3.Nc3 c5 4.d4 cxd4 5.Nxd4 Bb4 6.e3 Ne4 7.Qc2 Nxc3 8.bxc3 Be7
9.Bd3 Na6 10.Bxh7 Qc7 11.Nb5 Qxc4 12.Bd3 Qc6 13.O-O Nc5 14.f4 Nxd3 15.Qxd3 a6
16.Nd4 Qc7 17.a4 b6  1/2-1/2

[Event "Yerevan ol (Men)"]
[Site "Yerevan"]
[Date "1996.??.??"]
[Round "8"]
[White "Krasenkow, Michal"]
[Black "Pelletier, Yannick"]
[Result "1/2-1/2"]
[WhiteElo "2605"]
[BlackElo "2440"]

1.Nf3 Nf6 2.c4 c5 3.Nc3 e6 4.g3 b6 5.Bg2 Bb7 6.O-O Be7 7.Re1 d5 8.cxd5 exd5
9.d4 O-O 10.Bf4 Na6 11.Qa4 Qc8 12.Rac1 Ne4 13.Nxe4 dxe4 14.Nd2 f5 15.f3 exf3
16.exf3 Bf6 17.Be5 Qd8 18.f4 Bxg2 19.Kxg2 Bxe5 20.Rxe5 Qxd4 21.Qxd4 cxd4
22.Rc4 Rad8 23.b4 Rf7 24.Kf3 g6 25.Nb3 d3 26.Ke3 Rc7 27.Rxc7 Nxc7 28.a3 Kf7
29.Kd2 Nd5 30.Nc1 Nc3 31.Nxd3 Nb1+ 32.Kc2 Nxa3+ 33.Kc3 a6 34.Re1 Nb5+ 35.Kc2 Nd4+
36.Kc3 Nc6 37.Ra1 a5 38.bxa5 bxa5 39.Rb1 Rc8 40.Kd2 Rc7 41.Rb6 Ke6 42.Ne5 Kd5
43.Rb5+ Kd4 44.Nxc6+  1/2-1/2

[Event "Yerevan op"]
[Site "Yerevan"]
[Date "1996.??.??"]
[Round "9"]
[White "Razuvaev, Yuri S"]
[Black "Kalantarian, Norik"]
[Result "1/2-1/2"]
[WhiteElo "2580"]
[BlackElo "2480"]

1.c4 Nf6 2.Nc3 c5 3.Nf3 e6 4.g3 Be7 5.Bg2 O-O 6.O-O d6 7.d4 cxd4 8.Nxd4 a6
9.b3 Qc7 10.Bb2 Nbd7 11.Rc1 Rd8 12.e4 Nf8 13.Qe2 Bd7 14.Kh1 Be8 15.f4 Rac8
16.Rcd1 N6d7 17.Nf5 Nf6 18.e5 dxe5 19.fxe5 exf5 20.exf6 Bxf6 21.Nd5 Rxd5
22.Bxd5 Bxb2 23.Qxb2 g6 24.Rfe1 Bc6 25.Qe5 Ne6 26.Qxc7 Rxc7 27.Kg1 Ng5 28.Kg2 Ne4
29.Bxc6 Rxc6 30.Rd7 Nc5 31.Rd5 Ne6 32.Red1 Kg7 33.Rd6 Rc8 34.Rc1 Rc5 35.Rd5 Rc7
36.b4 Kf6 37.c5 Ke7 38.Rd6 h5 39.Rb6 Nd4 40.Re1+ Kf8 41.Rd6 Nc2 42.Rb1 Re7
43.Rd2 Ne3+ 44.Kf3 Nc4 45.Re2 Rd7 46.Rc1 Rd4 47.Rc3 f6 48.Re6 Ne5+ 49.Ke2 Nc6
50.Rxf6+ Kg7 51.Rd6 Rxb4 52.Kd2 Na5 53.Kd3 Ra4 54.a3 Re4 55.Rd4 Re7 56.Kd2 Re5
57.h4 Kh6 58.Rb4 Kg7 59.Ra4 Nc6 60.Rb3 Rd5+ 61.Rd3 Rxc5 62.Rd7+ Kf6 63.Rxb7 a5
64.Rb3 Ke6 65.Rc3 Rd5+ 66.Rd3 Rc5 67.Re3+ Kf6 68.Rf4 Ne5 69.Rc3 Rd5+ 70.Ke2 g5
71.hxg5+ Kxg5 72.a4 Ng4 73.Rfc4 Re5+ 74.Kf3 Nh2+ 75.Kf2 Ng4+  1/2-1/2

[Event "Yerevan ol (Men)"]
[Site "Yerevan"]
[Date "1996.??.??"]
[Round "10"]
[White "Rodgaard, John"]
[Black "Cummings, David H"]
[Result "1/2-1/2"]
[WhiteElo "2375"]
[BlackElo "2360"]

1.c4 Nf6 2.Nf3 c5 3.Nc3 e6 4.g3 b6 5.Bg2 Bb7 6.O-O a6 7.d4 cxd4 8.Qxd4 d6
9.Bg5 Nbd7 10.Rfd1 Be7 11.Bxf6 Nxf6 12.Ne1 Bxg2 13.Nxg2 O-O 14.Rac1 Qc7 15.Ne4 Rfd8
16.Nxf6+ Bxf6 17.Qd2 Qb7 18.b3 d5 19.cxd5 Rxd5 20.Qc2 Rc5 21.Qb1 Rxc1 22.Rxc1 g6
23.Qc2 Rd8 24.Ne3 Bg5 25.Qc6 Qxc6 26.Rxc6 Bxe3 27.fxe3 Rd2 28.Kf2 Rxa2 29.Rxb6 h5
30.h4 a5 31.b4 a4 32.Rb8+ Kg7 33.Ra8 a3 34.b5 Kf6 35.b6 Rb2 36.Rxa3 Rxb6
37.Ra5 Rd6 38.e4 e5 39.Rc5 Re6 40.Rc7 Kg7 41.Kg2 g5 42.hxg5 Rg6 43.Kf3 Rxg5
44.Rc5 f6 45.Rc7+ Kh6 46.Rc6 Rg6 47.Rc8 Kg5 48.Rh8 Rg7 49.Rf8 Ra7 50.Rg8+ Kh6
51.Rh8+ Kg6 52.Rg8+ Kh7 53.Rf8 Ra3+ 54.Kf2 Kg7 55.Rb8 h4 56.gxh4 Rh3 57.e3 Rxh4
58.Kf3 Rh3+ 59.Kf2 Kg6 60.Rg8+ Kf7 61.Ra8 Rh1 62.Rb8 Ra1  1/2-1/2

[Event "Yerevan ol (Men)"]
[Site "Yerevan"]
[Date "1996.??.??"]
[Round "12"]
[White "Zaichik, Gennadi"]
[Black "Pinter, Jozsef"]
[Result "1/2-1/2"]
[WhiteElo "2550"]
[BlackElo "2560"]

1.c4 Nf6 2.Nc3 c5 3.Nf3 d5 4.cxd5 Nxd5 5.d4 e6 6.e4 Nxc3 7.bxc3 cxd4 8.cxd4 Nc6
9.Bc4 b5 10.Be2 Bb4+ 11.Bd2 Qa5 12.Rb1 Bxd2+ 13.Qxd2 a6 14.Qxa5 Nxa5 15.Kd2 Bb7
16.Ke3 Ke7 17.Rhc1 Rhc8 18.Nd2 f6 19.f4 f5 20.Bf3 fxe4 21.Bxe4 Bxe4 22.Kxe4 Kd6
23.Kd3 Ke7 24.Ne4 Nc4 25.Nc5 Rc6 26.a4 Rd8 27.Kc3 Nd6 28.Re1 Nf5 29.axb5 axb5
30.Rxb5 Nxd4 31.Ra5 Rd5 32.Re5 Kd6 33.Kc4 Rxe5 34.fxe5+ Kxe5 35.Kd3 Nf5 36.Ne4+ Kf4
37.Ra4 Ke5 38.Ra5+  1/2-1/2

[Event "Zalakaros op"]
[Site "Zalakaros"]
[Date "1996.??.??"]
[Round "4"]
[White "Fasser, Walter"]
[Black "Csiszar, Zoltan"]
[Result "0-1"]
[WhiteElo "2030"]
[BlackElo "2230"]

1.c4 Nf6 2.Nc3 c5 3.Nf3 e6 4.d4 cxd4 5.Nxd4 a6 6.g3 Qc7 7.Qa4 Nc6 8.Nxc6 Qxc6
9.Qxc6 bxc6 10.Bg2 d5 11.cxd5 cxd5 12.O-O Bb7 13.Bg5 Bb4 14.Rac1 O-O 15.a3 Bd6
16.Rfd1 Be5 17.f4 Bb8 18.Bxf6 gxf6 19.e3 Ba7 20.Kf2 Bc6 21.Ne2 Rac8 22.b3 Bd7
23.Bf1 a5 24.Rxc8 Rxc8 25.Rc1 Bc5 26.a4 e5 27.Rd1 Be6 28.Nc1 d4 29.e4 Bg4
30.Rd3 Bb4 31.Ne2 Be6 32.f5 Bd7 33.Rd1 Ba3 34.Ke1 Rc2 35.Rd3 Bc6 36.Bg2 Bb7
37.Kd1 Rb2 38.Bf3 Ba6 39.Rd2 Rxb3 40.Bg2 d3 41.Nc1 Rb1  0-1

[Event "Zalakaros op"]
[Site "Zalakaros"]
[Date "1996.??.??"]
[Round "5"]
[White "Konopka, Michal"]
[Black "Bairachny, Ruslan"]
[Result "1/2-1/2"]
[WhiteElo "2405"]
[BlackElo "2315"]

1.Nf3 Nf6 2.c4 c5 3.Nc3 b6 4.g3 Bb7 5.Bg2 e6 6.O-O Be7 7.d4 cxd4 8.Qxd4 Nc6
9.Qf4 a6 10.Rd1 O-O 11.b3 b5 12.cxb5 axb5 13.Nxb5 Nd5 14.Rxd5 exd5 15.Bb2 Ba6
16.Nc7 Rc8 17.Nxd5 f6 18.Nh4 Bxe2 19.Re1 Bh5 20.Qf5 Bf7 21.Rxe7 Qxe7 22.Nxe7+ Nxe7
23.Qxd7 Rfe8 24.Be4 Rcd8 25.Qg4 h5 26.Qf3 Nc8 27.Ng6 Rxe4 28.Qxe4 Rd1+ 29.Kg2 Bd5
30.Qxd5+ Rxd5 31.Nf4 Rd2 32.Bc3 Rxa2 33.Nxh5 Ra3 34.Nf4 Rxb3 35.Bd4 Nd6 36.h4 Nf5
37.Bc5 Rc3 38.Bb6 Rb3 39.Bc5 Rb5 40.Ba7 Rb4 41.Nd5 Rb7 42.Bc5 Kf7 43.Ne3 Nh6
44.Kf3 Rb5 45.Bd4 g6 46.Kg2 Ke6 47.Kf3 Rb4 48.Bc5 Rb3 49.Kg2 Nf7 50.Ng4 Rd3
51.Be3 Nd6 52.Nh2 Nc4 53.Ba7 Kf5 54.Nf1 Ke4 55.Ne3 Ne5 56.Nf1 Rd1 57.Nh2 Rd3
58.Bb8 Nc6 59.Bf4 f5 60.Nf1 Rd1 61.Nd2+ Kd3 62.Nf3 Ke4 63.Ng5+ Kd5 64.Nf3 Ra1
65.Kh2 Ke4 66.Kg2 Nb4 67.Ng5+ Kd3 68.Nf3 Nc2 69.Ne5+ Ke2 70.Nf3 Ra3 71.Ng1+ Kd1
72.Nf3 Ra2 73.Kf1 Nb4 74.Ne5 Ra6 75.Nc4 Kc2 76.Ke2 Nc6 77.Be3 Kc3 78.Nd6 Ne5
79.Bd2+ Kb3 80.Nb5 Ra2 81.Nc3 Rc2 82.Nb5 Kb2 83.Nd6 Ng4 84.h5 gxh5 85.Nxf5  1/2-1/2

[Event "Zalakaros op"]
[Site "Zalakaros"]
[Date "1996.??.??"]
[Round "7"]
[White "Feher, Gyula"]
[Black "Bairachny, Ruslan"]
[Result "1-0"]
[WhiteElo "2395"]
[BlackElo "2315"]

1.c4 Nf6 2.Nf3 c5 3.Nc3 b6 4.g3 Bb7 5.Bg2 e6 6.O-O Be7 7.d4 cxd4 8.Qxd4 O-O
9.Rd1 Nc6 10.Qf4 a6 11.e4 d6 12.b3 Qc7 13.Bb2 Nd7 14.Rac1 Nce5 15.Nd4 Nc5
16.Qe3 Rfe8 17.Qe2 Bf6 18.f4 Ng6 19.b4 Nd7 20.Qf2 Rad8 21.Nb3 Qb8 22.a4 Rc8
23.e5 Bxg2 24.Qxg2 Be7 25.exd6 Bf8 26.Ne4 f5 27.c5 bxc5 28.Nexc5 Nxc5 29.Nxc5 Bxd6
30.Qd2 Rcd8 31.Qc3 Qa7 32.Kg2 Qa8+ 33.Qf3 Qxf3+ 34.Kxf3 Bxc5 35.bxc5 Rxd1
36.Rxd1 Rc8 37.Rd7 Rxc5 38.Rxg7+ Kf8 39.Rxg6 Rc2 40.Rf6+ Ke7 41.Be5 Rxh2
42.Ke3  1-0

[Event "Zalakaros op"]
[Site "Zalakaros"]
[Date "1996.??.??"]
[Round "7"]
[White "Konopka, Michal"]
[Black "Sergienko, Sergey"]
[Result "1/2-1/2"]
[WhiteElo "2405"]
[BlackElo "2425"]

1.Nf3 c5 2.c4 Nf6 3.Nc3 d5 4.cxd5 Nxd5 5.g3 Nc6 6.d4 cxd4 7.Nxd4 Nxc3 8.bxc3 Qd5
9.f3 e5 10.Nb3 Qe6 11.e4 Be7 12.Be3 O-O 13.Bg2 b6 14.Qe2 Nb8 15.Kf2 Ba6 16.Qc2 Nc6
17.Rad1 Rac8 18.Qb2 Rc7 19.h4 Nd8 20.Rd2 Nb7 21.Bh3 Qc6 22.Rc2 Rd8 23.Rhc1 Nc5
24.Nxc5 Bxc5 25.Re1 Qd6 26.Bf1 Bxe3+ 27.Rxe3 Bxf1 28.Kxf1 Qd1+ 29.Kg2 Rcd7
30.Ree2 h6 31.Qc1 Qd3 32.c4 Rd4 33.Rf2 R4d6  1/2-1/2

[Event "Zaragoza op"]
[Site "Zaragoza"]
[Date "1996.??.??"]
[Round "3"]
[White "San Segundo, Pablo"]
[Black "Komljenovic, Davor"]
[Result "0-1"]
[WhiteElo "2535"]
[BlackElo "2475"]

1.Nf3 c5 2.c4 Nf6 3.Nc3 e6 4.g3 Nc6 5.Bg2 d5 6.cxd5 exd5 7.d4 Be7 8.O-O O-O
9.Bg5 cxd4 10.Nxd4 Bg4 11.h3 Be6 12.Qa4 Qb6 13.Nxe6 fxe6 14.Qb5 Qxb5 15.Nxb5 Rac8
16.Rad1 a6 17.Nc3 Bb4 18.Bd2 Rfd8 19.f4 Nd4 20.Kh2 Nf5 21.Rc1 b5 22.Rfe1 d4
23.Nb1 Bd6 24.Ba5 Rf8 25.Bb7 Rxc1 26.Rxc1 Nh5 27.Bc7 Bxc7 28.Rxc7 Nfxg3 29.Bxa6 Nxe2
30.Bxb5 Rxf4 31.Rc8+ Kf7  0-1

[Event "Zaragoza op"]
[Site "Zaragoza"]
[Date "1996.??.??"]
[Round "6"]
[White "Ubilava, Elizbar"]
[Black "Pogorelov, Ruslan"]
[Result "1/2-1/2"]
[WhiteElo "2535"]
[BlackElo "2440"]

1.Nf3 Nf6 2.c4 e6 3.Nc3 c5 4.g3 b6 5.Bg2 Bb7 6.O-O a6 7.b3 d6 8.d4 cxd4 9.Qxd4 Nbd7
10.Ng5 Bxg2 11.Kxg2 Be7 12.Nge4 Qc7 13.Rd1 O-O 14.Bb2 Rfd8 15.f3 Bf8 16.Rd2 Rab8
17.Rad1 Ne8 18.Ba3 Nc5 19.Qe3 h6 20.Qf4 Rdc8 21.g4 Nxe4 22.Nxe4 d5 23.Qxc7 Nxc7
24.Bxf8 Kxf8 25.cxd5 Nxd5 26.Kf2 Rc7 27.Ng3 Ke7 28.Nf1 Nc3 29.Ra1 Rd8  1/2-1/2

[Event "Weihnachts op"]
[Site "Zuerich"]
[Date "1996.??.??"]
[Round "4"]
[White "Maeser, Fabian"]
[Black "Saladin, Thomas"]
[Result "1-0"]
[WhiteElo "2305"]
[BlackElo "2155"]

1.c4 c5 2.Nf3 Nf6 3.Nc3 e6 4.g3 b6 5.Bg2 Bb7 6.O-O a6 7.b3 d6 8.Bb2 Be7 9.e3 O-O
10.Qe2 Re8 11.d3 Qc7 12.Rac1 Nbd7 13.Rfd1 Rac8 14.d4 cxd4 15.exd4 Bf8 16.Qd2 Rcd8
17.d5 e5 18.Re1 g6 19.Bh3 Bg7 20.Rcd1 Nf8 21.Bc1 Bc8 22.Bg2 Bd7 23.a4 Qc5
24.Qa2 b5 25.Bg5 Qc8 26.Bxf6 Bxf6 27.Ne4 Be7 28.c5 f5 29.cxd6 fxe4 30.dxe7 Rxe7
31.Ng5 Bf5 32.d6 Red7 33.b4+ Kg7 34.axb5 axb5 35.Bxe4 Bxe4 36.Nxe4 Qc4 37.Qb2 Re8
38.Nc5 Rf7 39.Rxe5 Rxe5 40.Qxe5+ Kh6 41.d7 Qc2 42.Qe3+  1-0

[Event "St Petersburg-ch"]
[Site "St Petersburg"]
[Date "1997.03.08"]
[Round "4"]
[White "Popov, Valerij"]
[Black "Nepomnishay, Mikhail I"]
[Result "1-0"]
[WhiteElo "2430"]
[BlackElo "2465"]

1.Nf3 c5 2.c4 Nf6 3.Nc3 e6 4.g3 b6 5.Bg2 Bb7 6.O-O Be7 7.Re1 Ne4 8.d4 Nxc3
9.bxc3 Be4 10.Bf1 Bxf3 11.exf3 cxd4 12.cxd4 Nc6 13.d5 Na5 14.Bd2 Nb7 15.f4 O-O
16.Rb1 Nc5 17.h4 exd5 18.cxd5 Rc8 19.h5 f5 20.Bb4 d6 21.Bh3 Rc7 22.Bxc5 bxc5
23.Re6 Rf7 24.Qd3 Qf8 25.Qa6 Qa8 26.Bf1 Bf8 27.Bc4 Rb7 28.Rbe1 Rb6 29.Qa3 Qb7
30.Qd3 Rb2 31.Re8 Qb4 32.a3 Qd2 33.Qxd2 Rxd2 34.Rd8 Rd4 35.Bb5 Rxd5 36.Bc4 Rd4
37.Bxf7+ Kxf7 38.Rd7+ Kg8 39.Re8 Re4 40.Rc8 Re6 41.Rxa7 h6 42.Rd7  1-0

[Event "DEN-ch"]
[Site "Esbjerg"]
[Date "1997.03.23"]
[Round "2"]
[White "Hansen, Lars Bo"]
[Black "Hansen, Sune Berg"]
[Result "1/2-1/2"]
[WhiteElo "2545"]
[BlackElo "2505"]

1.Nf3 c5 2.c4 Nf6 3.Nc3 e6 4.g3 b6 5.Bg2 Bb7 6.O-O Be7 7.b3 a6 8.d4 cxd4
9.Qxd4 d6 10.Ba3 Nc6 11.Qf4 Qc7 12.Rfd1 Rd8 13.Rac1 Na7 14.h3 O-O 15.Qe3 Nc8
16.Bb2 Rfe8 17.Nd4 Bxg2 18.Kxg2 Na7 19.Qf3 Rd7 20.e3 Rc8 21.Rd2 h6 22.Ne4 Qd8
23.Rdc2 Rdc7 24.g4 Nh7 25.Ng3 Bf8 26.Kh2 Nc6 27.Nxc6 Rxc6 28.Qe2 Qc7 29.f4 b5
30.Rc3 Qa5 31.a3 b4 32.axb4 Qxb4 33.Qc2 Be7 34.Ne4 Nf6 35.Nd2 Qb8 36.Qd3 Nd7
37.Ne4 Nf6 38.Nd2 Nd7 39.Ne4 Nf6  1/2-1/2